Chaîne de mots avec le "e" en seule voyelle - Statistiques

Statistiques générales
  • Ce quiz a été pris 703 fois
    672 depuis la dernière actualisation
  • Le résultat moyen est 23 sur 40
Statistiques - réponses
Question Réponse % Correct
Capitale de la Suisse Berne
94%
On le cherche a 4 feuilles pour avoir de la chance Trèfle
94%
Jardin paradisiaque Eden
88%
Notre planète Terre
88%
Animal a rayures Zèbre
87%
Si tu n'apprécie pas cette personne c'est que tu la ...... Déteste
86%
Ce n'est pas du virtuel Réel
84%
26 dans notre alphabet Lettres
81%
Grâce à nos oreilles, on l'..... Entend
80%
Merci d'avoir jouer, c'est la fin (en anglais) End
79%
Cette fleur est souvent le goût du dentifrice Menthe
79%
Quand on est pas en réussite Echec
78%
On en fait un à la banque Prêt
78%
Faute volontaire, c'est fait... Exprès
74%
Si vous loupez volontairement ses cours c'est que vous Séchez
74%
Je me suis fait piquer maintenant c'est entrain d'..... Enfler
72%
On le garde pour nous Secret
71%
On se prend l'autre coté de la médaille Revers
68%
Sport, proche de la danse, signifiant un "pas" en anglais Step
68%
Film de 2012, avec pour titre le nom d'une peluche Ted
65%
Personne qui connais tout dans son domaine Expert
60%
Spécialité du pays d'Hanoï Nem
58%
Plus grande ville sur le Lac Léman Geneve
54%
Ballade en haute montagne Trek
54%
Indispensable pour dormir l'été, si on a juste un sac Tente
53%
Verbe tiré de la chanson d'Helmut Fritz en 2009 Enerver
50%
Alcool, femelle du lévrier Levrette
50%
Fête de village souvent en plein air Kermesse
46%
Remettre dans une position droite ou verticale Redresser
46%
Se jeter par la "window" (traduire pour réponse facile) Défenestrer
33%
Désert de dunes Erg
31%
Vins blancs du sud de l'Espagne Xeres
30%
Marque de carburant, dont le nom fait penser à Dobby dans Harry Potter Elf
26%
Ce qui arrive et qui a de l'importance pour les gens Evenement
26%
Rond, Cercle Sphère
26%
On a pas envie de le faire aujourd'hui ni demain ni jamais Flemme
21%
Système spécial de distribution de courrier aux administrations. Cedex
14%
Ville du 31, contresens de ce que l'on fait quand le réveil sonne Revel
14%
Lorsque la quantité offerte est supérieure à la quantité demandée Excédent
13%
Commencer a exécuter une action souvent longue et complexe Entreprendre
8%
Aucun quiz correspondant
Distribution des résultats
% des personnes avec chaque résultat
Percentile par nombre de réponses
Votre historique - résultats
Vous n’avez pas pris ce quiz depuis la dernière actualisation